[Event "Vitrolles Majeur op 0405"]
[Site "Vitrolles"]
[Date "2005.03.19"]
[Round "8"]
[White "Cipriani, Pierre"]
[Black "Colandrea, Sauveur"]
[Result "1/2-1/2"]
[WhiteElo "1800"]
[BlackElo "1864"]
[PlyCount "41"]
[EventDate "2004.10.16"]
[EventType "swiss"]
[EventRounds "9"]
[EventCountry "FRA"]
[SourceTitle "EXT 2008"]
[Source "ChessBase"]
[SourceDate "2007.11.25"]
[SourceVersion "1"]
[SourceVersionDate "2007.11.25"]
[SourceQuality "1"]

1. Nf3 Nf6 2. c4 d6 3. g3 g6 4. Bg2 Bg7 5. Nc3 0-0 6. d4 Nbd7 7. 0-0 c5 8. Rb1 cxd4 9. Nxd4 Ne8 10. Bg5 h6 11. Be3 Ne5 12. b3 Ng4 13. Bc1 Qb6 14. Ndb5 a6 15. Nd5 Qd8 16. Nd4 e6 17. Ne3 Ne5 18. Nf3 Nc6 19. Bb2 Nf6 20. Ba3 Ne8 21. Bb2 1/2-1/2

[Event "Bouches du Rhone-ch 0203"]
[Site "Provence"]
[Date "2002.10.05"]
[Round "1"]
[White "Sage, Jean Claude"]
[Black "Cipriani, Pierre"]
[Result "1-0"]
[WhiteElo "1680"]
[BlackElo "1870"]
[PlyCount "47"]
[EventDate "2002.10.??"]
[EventType "swiss"]
[EventRounds "9"]
[EventCountry "FRA"]
[SourceTitle "EXT 2005"]
[Source "ChessBase"]
[SourceDate "2004.11.15"]
[SourceVersion "1"]
[SourceVersionDate "2004.11.15"]
[SourceQuality "1"]

1. e4 e5 2. Nc3 Nf6 3. f4 Bc5 4. fxe5 Nxe4 5. Nxe4 Qh4+ 6. Ng3 Bxg1 7. Rxg1 Qxh2 8. Kf2 Qh4 9. d4 g6 10. Rh1 Qe7 11. Ne4 d5 12. Nf6+ Kd8 13. Nxd5 Qe6 14. Bg5+ Kd7 15. Nf6+ Kd8 16. Nxh7+ Kd7 17. Nf6+ Ke7 18. Ne4+ Kf8 19. Rxh8+ Kg7 20. Bf6+ Qxf6+ 21. Nxf6 Kxh8 22. Bc4 Bf5 23. Qh1+ Kg7 24. Qh7+ 1-0